000 00547nam a2200205 a 4500
005 20221109063829.0
008 991125n 000 0 spa u
035 _aUPN01000087817
100 1 _aUruchurtu, Alfredo E.
_931679
222 0 _aEDUCACION :
_bREVISTA MENSUAL
245 0 0 _aMetodologia de la historia : concepto de la historia
260 _aMéxico
300 _a19-22
362 0 _a1922 Vol. 1, no. 1
653 0 _aEDUCACION PRIMARIA
653 0 _aENSEÑANZA
653 0 _aHISTORIA
904 _aAC
_b025628
905 _aArticulo
999 _c72733
_d72733